Save Me - Nicki Minaj Lyrics - Statistics

General Stats
  • This quiz has been taken 25 times
  • The average score is 120 of 160
Answer Stats
Hint Lyrics % Correct
me
100%
2x me?
100%
save
100%
a
93%
V1 I
93%
Chorus 2x This
93%
this
93%
time
93%
time,
93%
you
93%
You
93%
baby,
87%
Baby,
87%
baby
87%
givin'
87%
givin
87%
my
87%
myself
87%
up,
87%
up
87%
won't
87%
and
80%
And
80%
can
80%
feel
80%
just
80%
to
80%
All
73%
all
73%
find
73%
for
73%
gave
73%
miles
73%
b*tch,
67%
drove
67%
head
67%
hope
67%
in
67%
these
67%
voices
67%
alone
60%
beast,
60%
But
60%
came
60%
conquer
60%
feast
60%
I'm
60%
monster
60%
on
60%
say,
60%
way,
60%
way
60%
when
60%
ayy
53%
satisfied
53%
screams,
53%
was
53%
yes,
53%
yes
53%
fault,
47%
It
47%
V2 It's
47%
lifetime
47%
never
47%
not
47%
riches
47%
strength,
47%
throne,
47%
your
47%
can't
27%
come
27%
drivin'
27%
been
20%
I've
20%
like
20%
seem
20%
silence
20%
feels
13%
No matching quizzes found
Score Distribution
Percent of People with Each Score
Percentile by Number Answered
Your Score History
You have not taken this quiz